[Event "XXVIII Festival Conca della Presolana 1N"]
[Site "Bratto - Castione della Presolana ITA"]
[Date "2008.08.28"]
[Round "6"]
[White "Viglino, Antonio"]
[Black "Morandi, Daniele"]
[Result "1-0"]
[WhiteElo "1862"]
[BlackElo "1988"]
[PlyCount "57"]
[EventDate "2008.08.23"]

1. d4 Nf6 2. c4 g6 3. Nc3 Bg7 4. e4 d6 5. Nf3 O-O 6. Be2 e5 7. O-O Nc6 8. d5
Ne7 9. b4 Nh5 10. Re1 f5 11. Ng5 Nf4 12. Bxf4 exf4 13. Rc1 h6 14. Ne6 Bxe6 15.
dxe6 fxe4 16. Nxe4 Be5 17. Bg4 Nf5 18. c5 Qe7 19. cxd6 cxd6 20. Qd5 Kh8 21. Nc5
Bd4 22. Bxf5 dxc5 23. bxc5 Rad8 24. Qd6 Rxd6 25. cxd6 Qxd6 26. e7 Re8 27. Rc8
Rxc8 28. Bxc8 Bxf2+ 29. Kxf2 1-0

[Event "XXVIII Festival Conca della Presolana 1N"]
[Site "Bratto - Castione della Presolana ITA"]
[Date "2008.08.28"]
[Round "6"]
[White "Villa, Claudio"]
[Black "Autino, Massimiliano"]
[Result "0-1"]
[WhiteElo "1863"]
[BlackElo "1809"]
[PlyCount "102"]
[EventDate "2008.08.23"]

1. b3 e5 2. Bb2 Nc6 3. e3 Nf6 4. Nf3 Bd6 5. c4 O-O 6. d4 Bb4+ 7. Nbd2 exd4 8.
Bxd4 Nxd4 9. exd4 Re8+ 10. Be2 Ne4 11. Rc1 Nc3 12. Rxc3 Bxc3 13. O-O Bxd2 14.
Qxd2 d6 15. Bd3 h6 16. d5 Bg4 17. Nd4 Qg5 18. Qc2 Bh3 19. f4 Qe7 20. Qc3 Bd7
21. h3 Qf6 22. Bc2 Re7 23. Qd3 g6 24. g4 Rae8 25. Rf3 Re4 26. Nb5 Bxb5 27. cxb5
Qd4+ 28. Qxd4 Rxd4 29. f5 Rd2 30. Bd3 Re1+ 31. Bf1 Rxa2 32. fxg6 fxg6 33. Rc3
Raa1 34. Rf3 Kg7 35. h4 Rxf1+ 36. Rxf1 Rxf1+ 37. Kxf1 Kf6 38. Ke2 Ke5 39. Ke3
Kxd5 40. Kf4 Ke6 41. Ke4 d5+ 42. Kd4 Kd6 43. b4 b6 44. h5 g5 45. Kd3 Ke5 46.
Ke3 d4+ 47. Kd3 Kd5 48. Ke2 Ke4 49. Kd2 d3 50. Ke1 Ke3 51. Kd1 d2 0-1

[Event "XXVIII Festival Conca della Presolana 1N"]
[Site "Bratto - Castione della Presolana ITA"]
[Date "2008.08.29"]
[Round "7"]
[White "Acunzo, Domenico"]
[Black "Saracco, Marco"]
[Result "1-0"]
[WhiteElo "1787"]
[BlackElo "1939"]
[PlyCount "67"]
[EventDate "2008.08.23"]

1. e4 c6 2. d4 d5 3. exd5 cxd5 4. c4 Nf6 5. Nc3 e6 6. Nf3 Bb4 7. Qc2 O-O 8. Bd3
dxc4 9. Bxc4 Nc6 10. Be3 b6 11. O-O Bb7 12. Rad1 Na5 13. Be2 Rc8 14. a3 Be7 15.
Nd2 Nd5 16. Bf3 Nxc3 17. bxc3 Bxf3 18. Nxf3 Qc7 19. Qe4 Rfe8 20. Rd3 Bxa3 21.
Ng5 g6 22. Qh4 f6 23. Ne4 Be7 24. Nxf6+ Bxf6 25. Qxf6 Nc4 26. Bc1 Qf7 27. Qh4
Rcd8 28. Rf3 Qd7 29. Bg5 Rc8 30. Bf6 Nd2 31. Rg3 Qf7 32. Re1 Rc6 33. Ree3 Rxc3
34. Rxc3 1-0

[Event "XXVIII Festival Conca della Presolana 1N"]
[Site "Bratto - Castione della Presolana ITA"]
[Date "2008.08.29"]
[Round "7"]
[White "Autino, Massimiliano"]
[Black "Bettini, Massimo"]
[Result "0-1"]
[WhiteElo "1809"]
[BlackElo "1814"]
[PlyCount "68"]
[EventDate "2008.08.23"]

1. d4 Nf6 2. Bg5 c5 3. Bxf6 gxf6 4. d5 d6 5. g3 Bg7 6. c3 Bf5 7. Bg2 Nd7 8. Nd2
O-O 9. Nh3 Ne5 10. Nf4 Qb6 11. Qb3 Qa6 12. e4 Bg6 13. Bf1 c4 14. Nxc4 Nf3+ 15.
Kd1 Bxe4 16. Nd2 Nxd2 17. Kxd2 Qa5 18. Bg2 Bxg2 19. Nxg2 Rfc8 20. Ne3 b6 21.
Rad1 Rc5 22. Kc1 Rac8 23. Kb1 Rb5 24. Nc4 Qa6 25. Qa3 Qb7 26. Ne3 f5 27. Qa4
Qd7 28. Ka1 Bxc3 29. Nc4 Rxc4 30. Qxc4 Bxb2+ 31. Kb1 Bg7+ 32. Qb3 Rxb3+ 33.
axb3 Qb5 34. Ka2 Qe2+ 0-1

[Event "XXVIII Festival Conca della Presolana 1N"]
[Site "Bratto - Castione della Presolana ITA"]
[Date "2008.08.29"]
[Round "7"]
[White "Calcagno, Stefano"]
[Black "Regorda, Vittorio"]
[Result "0-1"]
[WhiteElo "1861"]
[BlackElo "1859"]
[PlyCount "118"]
[EventDate "2008.08.23"]

1. b3 d5 2. Bb2 Bf5 3. e3 e6 4. Nf3 Nf6 5. c4 Be7 6. cxd5 exd5 7. d4 O-O 8.
Nbd2 c6 9. a3 Nbd7 10. Be2 Bd6 11. Ne5 Nb6 12. Ndf3 Ne8 13. O-O f6 14. Nd3 Qc7
15. g3 Be7 16. Rc1 Nd7 17. Nf4 Nb6 18. Bd3 Qd7 19. Qc2 Bxd3 20. Qxd3 Bd6 21.
Ne2 Qe7 22. Ra1 Qe4 23. Qxe4 dxe4 24. Nd2 f5 25. Rac1 Nd5 26. Nc4 Rd8 27. b4
Nef6 28. Rc2 Rfe8 29. Rfc1 Bc7 30. Nd2 Bd6 31. Nb3 Rb8 32. Na5 Bc7 33. Nb3 g5
34. b5 cxb5 35. Rxc7 Nxc7 36. Rxc7 Rec8 37. Rxc8+ Rxc8 38. Nc3 b6 39. Nxb5 Nd5
40. a4 Rc2 41. Ba1 f4 42. gxf4 gxf4 43. Nd6 fxe3 44. fxe3 Nxe3 45. Nxe4 Rg2+
46. Kh1 Ra2 47. Ned2 Rxa4 48. Kg1 Ra2 49. Kf2 Nc4 50. Bc3 Nxd2 51. Nxd2 Rc2 52.
Bb4 a5 53. Ke3 axb4 54. Kd3 Rc3+ 55. Ke4 b3 56. d5 Kf7 57. Kd4 Rh3 58. Kc4 Rxh2
59. Kc3 b2 0-1

[Event "XXVIII Festival Conca della Presolana 1N"]
[Site "Bratto - Castione della Presolana ITA"]
[Date "2008.08.29"]
[Round "7"]
[White "Cambieri, Mario"]
[Black "Maccarini, Luca Nicola"]
[Result "1-0"]
[WhiteElo "1879"]
[BlackElo "1920"]
[PlyCount "113"]
[EventDate "2008.08.23"]

1. c4 Nf6 2. Nc3 e6 3. g3 d5 4. cxd5 exd5 5. d4 Be7 6. Bg2 O-O 7. Nf3 c6 8. O-O
Nbd7 9. Qc2 Re8 10. e3 Nb6 11. a3 Nc4 12. b3 Nd6 13. Bb2 Bf5 14. Qc1 Qc8 15.
Nd2 Bh3 16. f3 Bxg2 17. Kxg2 Nf5 18. Re1 Bd6 19. e4 dxe4 20. Ncxe4 Nxe4 21.
fxe4 Nh6 22. e5 Be7 23. Ne4 Qf5 24. Qe3 Rad8 25. h3 Qg6 26. g4 Nf5 27. Qf2 Nh4+
28. Kg3 c5 29. Rad1 cxd4 30. Bxd4 Rd7 31. Qf4 Red8 32. Nd6 Bxd6 33. exd6 Qxd6
34. Qxd6 Rxd6 35. Kxh4 Rxd4 36. Rxd4 g5+ 37. Kxg5 Rxd4 38. Re3 Kg7 39. Kf5 Rd7
40. h4 Rd8 41. Rc3 Rd7 42. b4 Rd5+ 43. Ke4 Rb5 44. Rc5 Rxc5 45. bxc5 Kf6 46. a4
Ke6 47. a5 h6 48. Kd4 f6 49. Ke4 Ke7 50. Kd4 Ke6 51. Kc4 Ke5 52. Kb5 Kd5 53. h5
Ke6 54. c6 Kd6 55. cxb7 Kc7 56. a6 Kb8 57. Kc5 1-0

[Event "XXVIII Festival Conca della Presolana 1N"]
[Site "Bratto - Castione della Presolana ITA"]
[Date "2008.08.29"]
[Round "7"]
[White "Cavaliere, Simone"]
[Black "Sanzani, Pierluigi"]
[Result "1/2-1/2"]
[WhiteElo "1876"]
[BlackElo "1853"]
[PlyCount "206"]
[EventDate "2008.08.23"]

1. e4 c5 2. Nf3 d6 3. d4 cxd4 4. Nxd4 Nf6 5. f3 Nc6 6. c4 g6 7. Be3 Bg7 8. Nc3
O-O 9. Rc1 Bd7 10. Qd2 Nxd4 11. Bxd4 Qa5 12. Bxf6 Bxf6 13. Nd5 Qxd2+ 14. Kxd2
Bxb2 15. Nxe7+ Kg7 16. Rb1 Ba3 17. Rxb7 Ba4 18. Bd3 a5 19. Bc2 Bb4+ 20. Kd3 Be8
21. Rb1 h5 22. Rc7 Ra6 23. h4 Kh6 24. a3 Bxa3 25. Rbb7 a4 26. Rc8 d5 27. exd5
Bd6 28. Bb1 a3 29. Ba2 Ra5 30. Kd4 Ra4 31. Kc3 Ra5 32. Rd8 Be5+ 33. Kd3 Kg7 34.
Rxe8 Rxe8 35. Nc6 Ra6 36. c5 Bf4 37. Ne7 Kf8 38. d6 Bxd6 39. Nxg6+ Kg7 40. Bxf7
a2 41. Bxa2+ Kxg6 42. Bf7+ Kh6 43. Bxe8 Bxc5 44. Rc7 Rd6+ 45. Kc4 Rd8 46. Bxh5
Kxh5 47. Rxc5+ Kxh4 48. Rd5 Rg8 49. Rd2 Kg3 50. Kd3 Rd8+ 51. Kc2 Rc8+ 52. Kd1
Ra8 53. Kc2 Re8 54. Kb3 Rb8+ 55. Kc4 Rc8+ 56. Kb5 Rc1 57. Kb4 Rc8 58. Kb3 Rb8+
59. Kc3 Rc8+ 60. Kd4 Rd8+ 61. Ke3 Re8+ 62. Kd3 Rd8+ 63. Kc3 Rc8+ 64. Kb2 Rb8+
65. Kc1 Ra8 66. Kb1 Re8 67. Rc2 Rd8 68. Kb2 Rd7 69. Kc3 Rd8 70. Kb3 Rd7 71. Ka2
Rd8 72. Ka1 Rd1+ 73. Kb2 Rd8 74. Kc1 Rd7 75. Rd2 Rc7+ 76. Kd1 Ra7 77. Re2 Ra1+
78. Kd2 Ra2+ 79. Kd3 Ra8 80. Kd4 Rd8+ 81. Ke3 Re8+ 82. Kd2 Rd8+ 83. Ke1 Ra8 84.
Kf1 Ra1+ 85. Re1 Ra2 86. Re8 Ra1+ 87. Ke2 Kxg2 88. Rg8+ Kh3 89. f4 Kh4 90. Ke3
Re1+ 91. Kf3 Kh5 92. Rg5+ Kh6 93. Kg4 Ra1 94. Kf5 Ra5+ 95. Kf6 Ra6+ 96. Ke5
Ra5+ 97. Kf6 Ra6+ 98. Kf5 Ra5+ 99. Kg4 Ra1 100. Rh5+ Kg7 101. Kg5 Rg1+ 102. Kf5
Re1 103. Kg5 Rg1+ 1/2-1/2

[Event "XXVIII Festival Conca della Presolana 1N"]
[Site "Bratto - Castione della Presolana ITA"]
[Date "2008.08.29"]
[Round "7"]
[White "Cocuzzi, Edoardo"]
[Black "Villalba, Fernando"]
[Result "1/2-1/2"]
[WhiteElo "1892"]
[BlackElo "1847"]
[PlyCount "184"]
[EventDate "2008.08.23"]

1. e4 c5 2. Bc4 d6 3. Nc3 Nf6 4. d3 g6 5. Bd2 Bg7 6. Qc1 O-O 7. Bh6 a6 8. a4
Nc6 9. Nge2 Nd4 10. Nxd4 cxd4 11. Bxg7 Kxg7 12. Ne2 Qa5+ 13. Qd2 Qxd2+ 14. Kxd2
e5 15. h3 Bd7 16. g4 b5 17. axb5 axb5 18. Bb3 Bc6 19. f4 Nd7 20. Rxa8 Rxa8 21.
f5 Nc5 22. f6+ Kf8 23. h4 Nxb3+ 24. cxb3 Bd7 25. h5 g5 26. Rg1 h6 27. Nc1 Be6
28. Rg3 Bd7 29. Ne2 Be6 30. Nc1 Ke8 31. Kc2 Kd7 32. Rg2 Kc6 33. Kb1 d5 34. Rc2+
Kd6 35. Rg2 dxe4 36. dxe4 Bc8 37. Ne2 Be6 38. Nc1 Kc6 39. Nd3 Kd6 40. Nc1 Bc8
41. Ne2 Ra7 42. Rg1 Rc7 43. Rg2 Ke6 44. Rf2 Kd6 45. Rg2 b4 46. Rg1 Ba6 47. Nc1
Ke6 48. Rg3 Kxf6 49. Nd3 Bxd3+ 50. Rxd3 Ke7 51. Rd2 Rc5 52. Rc2 Rb5 53. Rc6 f6
54. Rc7+ Ke6 55. Kc2 Ra5 56. Rc6+ Ke7 57. Rc7+ Kd6 58. Rh7 Ra1 59. Rxh6 Ke6 60.
Rh8 Rh1 61. Rb8 Rh2+ 62. Kd3 Rh3+ 63. Kc4 Kd7 64. Kxb4 Rh2 65. Rb6 Ke7 66. Kc4
Kf7 67. b4 Rxb2 68. h6 Kg6 69. h7 Rc2+ 70. Kd5 Kxh7 71. Rxf6 d3 72. Kxe5 d2 73.
Rd6 Rb2 74. Kf5 Rxb4 75. Rxd2 Kg7 76. Rd7+ Kf8 77. Rd6 Ke7 78. Re6+ Kf7 79.
Rf6+ Ke7 80. Kxg5 Rxe4 81. Rf5 Re1 82. Kg6 Rg1 83. g5 Ke6 84. Rf6+ Ke7 85. Rf7+
Ke8 86. Rh7 Rg2 87. Kh6 Kf8 88. Ra7 Rh2+ 89. Kg6 Rg2 90. Ra8+ Ke7 91. Kh6 Kf7
92. g6+ Rxg6+ 1/2-1/2

[Event "XXVIII Festival Conca della Presolana 1N"]
[Site "Bratto - Castione della Presolana ITA"]
[Date "2008.08.29"]
[Round "7"]
[White "Conta, Diego"]
[Black "Rossini, Luca"]
[Result "0-1"]
[WhiteElo "1825"]
[BlackElo "1785"]
[PlyCount "42"]
[EventDate "2008.08.23"]

1. d4 Nf6 2. c4 e6 3. Nc3 d5 4. Bg5 Be7 5. e3 O-O 6. Qc2 b6 7. Nf3 Nbd7 8. cxd5
exd5 9. Bd3 h6 10. Bh4 Bb7 11. O-O Rc8 12. Qe2 Ne4 13. Bxe7 Qxe7 14. Ba6 Bxa6
15. Qxa6 Nxc3 16. bxc3 Ra8 17. Qb7 Nf6 18. Nd2 a5 19. a4 Qd6 20. c4 Rfb8 21. c5
Qd7 0-1

[Event "XXVIII Festival Conca della Presolana 1N"]
[Site "Bratto - Castione della Presolana ITA"]
[Date "2008.08.29"]
[Round "7"]
[White "Crimi, Alessandro"]
[Black "Saccani, Ettore"]
[Result "1-0"]
[WhiteElo "1904"]
[BlackElo "1873"]
[PlyCount "53"]
[EventDate "2008.08.23"]

1. d4 Nf6 2. c4 g6 3. Nc3 Bg7 4. e4 d6 5. f4 O-O 6. Nf3 c5 7. d5 Na6 8. Be2 Nc7
9. a4 a6 10. O-O Bd7 11. e5 dxe5 12. fxe5 Ng4 13. Bf4 f6 14. e6 Bxe6 15. Bxc7
Qxc7 16. dxe6 f5 17. Nd5 Qd6 18. g3 Qxe6 19. Qe1 Qe4 20. Bd1 Bd4+ 21. Kg2 Ne3+
22. Nxe3 Bxe3 23. Ra3 f4 24. gxf4 Rxf4 25. Rxe3 Rg4+ 26. Kh1 Qc6 27. Re6 1-0

[Event "XXVIII Festival Conca della Presolana 1N"]
[Site "Bratto - Castione della Presolana ITA"]
[Date "2008.08.29"]
[Round "7"]
[White "Crippa, Mario"]
[Black "Villa, Claudio"]
[Result "1-0"]
[WhiteElo "1833"]
[BlackElo "1863"]
[PlyCount "91"]
[EventDate "2008.08.23"]

1. e4 e5 2. Nf3 d6 3. d4 Nd7 4. Bc4 c6 5. c3 b5 6. Bb3 Be7 7. O-O Ngf6 8. Nbd2
O-O 9. Re1 Qc7 10. Nf1 Nb6 11. Ng3 Bd7 12. h3 Rae8 13. Bg5 h6 14. Be3 Kh7 15.
Bc2 g6 16. Qc1 Ng8 17. b3 Bf6 18. h4 Qd8 19. h5 g5 20. dxe5 dxe5 21. Qa3 Qc7
22. Rad1 Nc8 23. Rd2 Be7 24. Bc5 Bxc5 25. Qxc5 f6 26. Red1 Rf7 27. c4 a6 28.
cxb5 axb5 29. b4 Be6 30. a4 bxa4 31. Bxa4 Nge7 32. Rc1 Na7 33. Rd6 Qc8 34. Rcd1
Qa6 35. Rxe6 Qxa4 36. Rd7 Nac8 37. Nf5 Qa2 38. Rexe7 Nxe7 39. Rxe7 Rb8 40. Qd6
Rb7 41. Rxb7 Rxb7 42. Qxf6 Qb1+ 43. Kh2 Qxb4 44. Qxh6+ Kg8 45. Qe6+ Kf8 46.
Nxg5 1-0

[Event "XXVIII Festival Conca della Presolana 1N"]
[Site "Bratto - Castione della Presolana ITA"]
[Date "2008.08.29"]
[Round "7"]
[White "De Bortoli, Thomas"]
[Black "Raselli, Claudio"]
[Result "0-1"]
[WhiteElo "1805"]
[BlackElo "1962"]
[PlyCount "52"]
[EventDate "2008.08.23"]

1. e4 d5 2. exd5 Qxd5 3. Nc3 Qe5+ 4. Be2 c6 5. d4 Qc7 6. Nf3 Bf5 7. Be3 e6 8.
Qd2 Nf6 9. h3 Bb4 10. Bf4 Qa5 11. Bd3 Nd5 12. O-O Bxd3 13. cxd3 Nxc3 14. bxc3
Bxc3 15. Qc2 Bxa1 16. Rxa1 O-O 17. Rb1 b6 18. Ne5 Qd5 19. Qc4 Qxc4 20. dxc4 Rd8
21. Nf3 Nd7 22. c5 b5 23. Ne5 Nxe5 24. Bxe5 f6 25. Bd6 Rd7 26. Re1 Kf7 0-1

[Event "XXVIII Festival Conca della Presolana 1N"]
[Site "Bratto - Castione della Presolana ITA"]
[Date "2008.08.29"]
[Round "7"]
[White "Dritsakos, Alessio"]
[Black "Caputi, Giuliano"]
[Result "1/2-1/2"]
[WhiteElo "1848"]
[BlackElo "1978"]
[PlyCount "74"]
[EventDate "2008.08.23"]

1. e4 c6 2. d4 d5 3. Nc3 dxe4 4. Nxe4 Nd7 5. Nf3 Ngf6 6. Ng3 e6 7. Bd3 Bd6 8.
Qe2 O-O 9. Bg5 Qc7 10. Ne4 Be7 11. O-O-O Re8 12. Nxf6+ Bxf6 13. h4 b6 14. Qe4
Nf8 15. Bf4 Qb7 16. Ng5 h6 17. Nh7 Nd7 18. Qf3 Bxd4 19. Be4 e5 20. Bxc6 Qa6 21.
Kb1 Kxh7 22. Bxa8 Nf6 23. Be4+ Kg8 24. Bxh6 Nxe4 25. Qxe4 f5 26. Qc6 Re6 27.
Qc7 Rxh6 28. c3 Bb7 29. cxd4 Be4+ 30. Ka1 Rc6 31. Qxe5 Qc4 32. d5 Rc5 33. Qe8+
Kh7 34. h5 Ra5 35. Qg6+ Kg8 36. Qe8+ Kh7 37. Qg6+ Kg8 1/2-1/2

[Event "XXVIII Festival Conca della Presolana 1N"]
[Site "Bratto - Castione della Presolana ITA"]
[Date "2008.08.29"]
[Round "7"]
[White "Fasiello, Andrea"]
[Black "Roversi, Stefano"]
[Result "0-1"]
[WhiteElo "1879"]
[BlackElo "1840"]
[PlyCount "108"]
[EventDate "2008.08.23"]

1. e4 c5 2. Nf3 a6 3. d4 cxd4 4. Nxd4 Nc6 5. Nb3 Nf6 6. Nc3 e6 7. Bd3 b5 8. a3
Bb7 9. O-O Rc8 10. Be3 d6 11. f3 Be7 12. Qe2 O-O 13. Qf2 Ne5 14. Rad1 Nfd7 15.
Rd2 Nc4 16. Bxc4 Rxc4 17. Rfd1 Qc7 18. Nb1 Rc8 19. c3 d5 20. exd5 Bxd5 21. Nd4
Bd6 22. g3 Qb7 23. Rf1 R4c7 24. Rdd1 Ne5 25. Qe2 Bc4 26. Qf2 Bxf1 27. Kxf1 Nc4
28. Bc1 Bf8 29. Nd2 Rd8 30. Nxc4 Rxc4 31. Re1 Qd5 32. Qe2 Qh5 33. Kg2 Re8 34.
Nc2 e5 35. Ne3 e4 36. g4 exf3+ 37. Qxf3 Qg6 38. Bd2 Rce4 39. h4 Bc5 40. g5 Bxe3
41. Rxe3 Rxe3 42. Bxe3 Qe4 43. Bf4 Qe2+ 44. Qf2 Re4 45. Bg3 Re3 46. Bf4 Qxf2+
47. Kxf2 Rd3 48. Be3 Rd1 49. Bc5 Rd2+ 50. Ke3 Rxb2 51. Kd4 Rh2 52. Bb4 Rxh4+
53. Kc5 h5 54. gxh6 Rxh6 0-1

[Event "XXVIII Festival Conca della Presolana 1N"]
[Site "Bratto - Castione della Presolana ITA"]
[Date "2008.08.29"]
[Round "7"]
[White "Favoni, Matteo"]
[Black "Melone, Antonio"]
[Result "0-1"]
[WhiteElo "1941"]
[BlackElo "1718"]
[PlyCount "74"]
[EventDate "2008.08.23"]

1. d4 Nf6 2. c4 c5 3. d5 d6 4. Nc3 g6 5. e4 Bg7 6. f4 O-O 7. Nf3 e6 8. Be2 exd5
9. cxd5 Bg4 10. O-O Nbd7 11. h3 Bxf3 12. Bxf3 a6 13. a4 Rb8 14. Re1 Re8 15. a5
Qc7 16. Be3 b5 17. axb6 Rxb6 18. Re2 Reb8 19. Ra2 Ne8 20. Qe1 Qd8 21. Bf2 Qe7
22. Kh2 g5 23. g3 Nc7 24. Bg4 Re8 25. Bxd7 Qxd7 26. e5 dxe5 27. fxe5 Rh6 28. h4
gxh4 29. gxh4 Nxd5 30. Bg3 Nb4 31. Ra1 Nd3 32. Qd1 c4 33. Ra5 Qc7 34. Rd5 Bxe5
35. Rexe5 Rxe5 36. Qg4+ Rg6 37. Rxe5 Nxe5 0-1

[Event "XXVIII Festival Conca della Presolana 1N"]
[Site "Bratto - Castione della Presolana ITA"]
[Date "2008.08.29"]
[Round "7"]
[White "Franzini, Stefano"]
[Black "Bonoldi, Fabio"]
[Result "1-0"]
[WhiteElo "1860"]
[BlackElo "1902"]
[PlyCount "67"]
[EventDate "2008.08.23"]

1. e4 g6 2. d4 c6 3. Bd3 Bg7 4. c3 d6 5. Na3 e5 6. Nc2 Ne7 7. Ne2 O-O 8. O-O
Nd7 9. Bc4 Nb6 10. Bb3 d5 11. exd5 Nexd5 12. dxe5 Bxe5 13. Ned4 Qc7 14. Nf3 Bg7
15. Ncd4 Bd7 16. h4 c5 17. Ne2 Bc6 18. Ng3 Nf6 19. Bg5 Ne4 20. Nxe4 Bxe4 21.
Re1 Qc6 22. Bc2 Bxc2 23. Qxc2 h6 24. Bf4 Nd5 25. Bg3 Rad8 26. Re2 Rfe8 27. Rae1
Nf6 28. Ne5 Qd5 29. Qa4 a6 30. Kh2 Rxe5 31. Rxe5 Qd2 32. R5e2 Qd5 33. Qb3 c4
34. Qb6 1-0

[Event "XXVIII Festival Conca della Presolana 1N"]
[Site "Bratto - Castione della Presolana ITA"]
[Date "2008.08.29"]
[Round "7"]
[White "Jones, Alessandro"]
[Black "Lanni, Vincenzo"]
[Result "1-0"]
[WhiteElo "1968"]
[BlackElo "1849"]
[PlyCount "61"]
[EventDate "2008.08.23"]

1. d4 g6 2. e4 Bg7 3. Nc3 d6 4. Be3 Nf6 5. f3 c6 6. Qd2 Qc7 7. Be2 O-O 8. h4 h5
9. Nh3 e5 10. O-O-O Re8 11. Rdg1 exd4 12. Bxd4 Nbd7 13. g4 hxg4 14. fxg4 Ne5
15. Nf2 b5 16. h5 b4 17. Ncd1 c5 18. Bxe5 Rxe5 19. hxg6 fxg6 20. g5 Nh5 21. Ne3
Be6 22. Neg4 c4 23. Nf6+ Nxf6 24. gxf6 c3 25. Qd4 cxb2+ 26. Qxb2 Bxf6 27. Rxg6+
Bg7 28. Rhg1 Rf8 29. Rxg7+ Qxg7 30. Rxg7+ Kxg7 31. Nd3 1-0

[Event "XXVIII Festival Conca della Presolana 1N"]
[Site "Bratto - Castione della Presolana ITA"]
[Date "2008.08.29"]
[Round "7"]
[White "Litrico, Paolo"]
[Black "Rossetti, Alberto"]
[Result "1/2-1/2"]
[WhiteElo "1921"]
[BlackElo "1689"]
[PlyCount "120"]
[EventDate "2008.08.23"]

1. d4 Nf6 2. Nf3 e6 3. Bf4 b6 4. e3 Bb7 5. Nbd2 d5 6. c3 Bd6 7. Ne5 O-O 8. Bd3
c5 9. Qf3 Nc6 10. Qh3 h6 11. g4 Bxe5 12. dxe5 Ne4 13. Nxe4 dxe4 14. Bxe4 Na5
15. Bxb7 Nxb7 16. Rd1 Qe7 17. Qh5 Rfd8 18. Rxd8+ Rxd8 19. g5 g6 20. Qg4 h5 21.
Qe2 Qd7 22. e4 Na5 23. b3 Nc6 24. Kf1 Qd3 25. Qxd3 Rxd3 26. c4 Rd1+ 27. Kg2
Rxh1 28. Kxh1 Nb4 29. a3 Nc2 30. Bc1 a5 31. Bb2 Ne1 32. Bc3 Nf3 33. Kg2 Nxg5
34. f3 Kf8 35. h4 Nh7 36. f4 Ke8 37. Kf3 Kd7 38. Ke3 Nf8 39. Kd3 Kc7 40. Kc2
Nd7 41. Kb2 Nb8 42. Kc2 Nc6 43. Kd3 Ne7 44. Ke3 Kd7 45. Kd3 Nc6 46. Kd2 Ke7 47.
Ke2 Kd7 48. Kf3 Kc7 49. Kg3 Kd7 50. Kg2 Ke7 51. Kf1 Kd7 52. Ke1 Ke7 53. Kd1 Kd7
54. Kc1 Ke7 55. Kb2 Kd7 56. Bd2 Nd4 57. Be3 Nf3 58. Bf2 Nd2 59. Kc2 Nxe4 60.
Be1 f5 1/2-1/2

[Event "XXVIII Festival Conca della Presolana 1N"]
[Site "Bratto - Castione della Presolana ITA"]
[Date "2008.08.29"]
[Round "7"]
[White "Morandi, Daniele"]
[Black "Guzzetti, Luigi Enrico"]
[Result "1-0"]
[WhiteElo "1988"]
[BlackElo "1739"]
[PlyCount "93"]
[EventDate "2008.08.23"]

1. e4 c5 2. Nf3 e6 3. d4 cxd4 4. Nxd4 a6 5. Nc3 Qc7 6. Bd3 Nf6 7. O-O b5 8. Be3
Bb7 9. a3 Be7 10. Qe1 d6 11. f4 Nbd7 12. Qg3 g6 13. Kh1 Nc5 14. e5 Nfe4 15.
Nxe4 Nxe4 16. Bxe4 Bxe4 17. c3 h5 18. Nf3 h4 19. Qf2 h3 20. g3 Rc8 21. Kg1 d5
22. Nd2 Bg2 23. Rfe1 Bc5 24. Nb3 Bxe3 25. Qxe3 Qc4 26. Nd2 Qc7 27. Qd4 Ke7 28.
a4 Kf8 29. axb5 axb5 30. Ra7 Qc6 31. Rea1 Kg7 32. R1a6 Qc5 33. Nb3 Qc4 34. Qxc4
Rxc4 35. Nd4 b4 36. Nxe6+ Kh6 37. Ng5 Kh5 38. Nxf7 bxc3 39. bxc3 Rb8 40. Ra1
Rxc3 41. e6 d4 42. Ne5 Rh8 43. g4+ Kh6 44. Nf7+ Kg7 45. Nxh8+ Kxh8 46. e7 Rc8
47. Rd7 1-0

[Event "XXVIII Festival Conca della Presolana 1N"]
[Site "Bratto - Castione della Presolana ITA"]
[Date "2008.08.29"]
[Round "7"]
[White "Napoli, Ferdinando"]
[Black "Gambarino, Federico"]
[Result "1-0"]
[WhiteElo "1829"]
[BlackElo "1847"]
[PlyCount "57"]
[EventDate "2008.08.23"]

1. e4 c5 2. Nf3 d6 3. d4 cxd4 4. Nxd4 Nf6 5. Nc3 a6 6. Bg5 e6 7. f4 Qc7 8. Qf3
b5 9. O-O-O b4 10. Nb1 Nbd7 11. Bd3 Qb6 12. Bc4 Nc5 13. Bxf6 gxf6 14. Nb3 Bb7
15. Nxc5 Qxc5 16. Bb3 f5 17. Nd2 Bg7 18. Rhe1 O-O 19. Qd3 a5 20. Ba4 b3 21.
axb3 Ba6 22. Qe3 Qb4 23. exf5 exf5 24. Nb1 Rfc8 25. Qd2 Qb7 26. g3 Bb5 27. Bxb5
Qxb5 28. Qd5 Rc5 29. Qxa8+ 1-0

[Event "XXVIII Festival Conca della Presolana 1N"]
[Site "Bratto - Castione della Presolana ITA"]
[Date "2008.08.29"]
[Round "7"]
[White "Nardone, Massimo"]
[Black "Romano, Zeno"]
[Result "1-0"]
[WhiteElo "1884"]
[BlackElo "1948"]
[PlyCount "75"]
[EventDate "2008.08.23"]

1. d4 d5 2. Nf3 Nf6 3. e3 e6 4. Bd3 Be7 5. c3 O-O 6. Nbd2 b6 7. O-O Bb7 8. Re1
Ne4 9. Qc2 f5 10. Ne5 Nd7 11. f3 Nxe5 12. dxe5 Nc5 13. Be2 Bg5 14. Nb3 f4 15.
Nd4 Qe7 16. exf4 Bxf4 17. Bxf4 Rxf4 18. g3 Rf7 19. b4 Nd7 20. f4 a6 21. Bh5
Rff8 22. Bg4 c5 23. Nxe6 Rfc8 24. bxc5 Nxc5 25. Ng5 Ne4 26. Nxe4 dxe4 27. Bxc8
Rxc8 28. Qb3+ Kh8 29. Qxb6 e3 30. Rad1 e2 31. Rxe2 Bf3 32. Red2 Bxd1 33. Rxd1
h6 34. Qd6 Qa7+ 35. Qd4 Qb7 36. c4 Qb4 37. c5 Qa3 38. e6 1-0

[Event "XXVIII Festival Conca della Presolana 1N"]
[Site "Bratto - Castione della Presolana ITA"]
[Date "2008.08.29"]
[Round "7"]
[White "Paganini, Andrea"]
[Black "Nepi, Ezio"]
[Result "1-0"]
[WhiteElo "1840"]
[BlackElo "1833"]
[PlyCount "62"]
[EventDate "2008.08.23"]

1. e4 e6 2. d4 d5 3. Nd2 c5 4. c3 cxd4 5. cxd4 dxe4 6. Nxe4 Bb4+ 7. Nc3 Nf6 8.
Nf3 Nc6 9. Be3 Ne4 10. Qc2 Qa5 11. Rc1 Nf6 12. Bd3 O-O 13. O-O Be7 14. a3 Bd7
15. Ne4 Qh5 16. Nc5 Rac8 17. Nxd7 Nxd7 18. Be4 Nf6 19. Bxc6 Rxc6 20. Qd3 Rfc8
21. Rxc6 Rxc6 22. Rd1 Qd5 23. Ne5 Rd6 24. Nc4 Rd8 25. b4 Nd7 26. Bf4 Bf6 27.
Ne3 Qc6 28. d5 exd5 29. Nxd5 Kh8 30. Nxf6 Qxf6 31. Bc7 Qg6 1-0

[Event "XXVIII Festival Conca della Presolana 1N"]
[Site "Bratto - Castione della Presolana ITA"]
[Date "2008.08.29"]
[Round "7"]
[White "Pitrola, Carlo"]
[Black "Pulvirenti, Gianni"]
[Result "0-1"]
[WhiteElo "1837"]
[BlackElo "1952"]
[PlyCount "144"]
[EventDate "2008.08.23"]

1. d4 g6 2. c4 Bg7 3. Nc3 Nf6 4. e4 d6 5. Nf3 O-O 6. Be2 Nc6 7. O-O e5 8. d5
Ne7 9. Ne1 Ne8 10. Be3 f5 11. f3 Nf6 12. Nd3 f4 13. Bf2 g5 14. c5 Ng6 15. cxd6
cxd6 16. a4 Rf7 17. Nb5 a6 18. Na3 h5 19. Nc4 g4 20. Nb6 gxf3 21. Bxf3 Ng4 22.
Nxc8 Nxf2 23. Nxf2 Rxc8 24. Bxh5 Kh7 25. Bg4 Rcc7 26. Bf5 Qh4 27. Qg4 Qxg4 28.
Nxg4 Bf6 29. Be6 Rf8 30. Rac1 Bd8 31. Rxc7+ Bxc7 32. Rc1 Bb6+ 33. Kf1 Ne7 34.
b4 Kg6 35. a5 Bd8 36. Bc8 b6 37. axb6 Bxb6 38. Bxa6 f3 39. g3 Kg5 40. Nf2 Ra8
41. b5 Rh8 42. h3 Rf8 43. Bb7 Rf7 44. Bc6 Ng8 45. h4+ Kh6 46. g4 Ra7 47. Be8
Ra2 48. g5+ Kg7 49. Nd3 Rd2 50. Nc5 Bxc5 51. Rxc5 dxc5 52. b6 Rb2 53. d6 Kf8
54. d7 Ke7 55. h5 Rxb6 56. Kf2 Rd6 57. Kxf3 c4 58. Ke3 c3 59. d8=Q+ Rxd8 60.
Ba4 Rd2 61. h6 Nxh6 62. gxh6 Kf7 63. Bb3+ Kg6 64. Ba4 Kxh6 65. Bc6 Kg7 66. Ba4
Kf6 67. Bb3 Ke7 68. Ba4 Kd6 69. Bb3 Kc5 70. Be6 Kb4 71. Bf7 Ka3 72. Be8 Rd8 0-1